000 00436nam a2200157Ia 4500
008 151021s9999 xx 000 0 und d
020 _a536955697
050 _aPE1417 .F469 2005
245 _a_Communication I John V.Thill
260 _aNew Jersey Prentice Hall 2005
300 _axxii,474p.;ill
500 _aIncludes index.
500 _aIncludes index.
650 _a_Communications
980 _a^d20130524 12:32:12^oanne
999 _c13702
_d13702